| 000 | 00328nam a22001217a 4500 | ||
|---|---|---|---|
| 008 | 161007b xxu||||| |||| 00| 0 eng d | ||
| 082 | _a347.05 UGA | ||
| 245 | _aThe uganda civil bench justice bench book / | ||
| 260 |
_aKampala : _bL.D.C. , _c2016 |
||
| 300 |
_axliv, 402p. : _c24cm. |
||
| 500 | _aIncludes index | ||
| 942 |
_2ddc _cBK |
||
| 999 |
_c8499 _d8499 |
||